000 00734nam a2200253Ia 4500
003 OSt
005 20220928124111.0
006 a|||||r|||| 00| 0
007 ta
008 220927b |||||||| |||| 00| 0 eng d
024 _a70615
037 _cTextual
040 _aSDCL
_cSDCL
_beng
041 _2eng
_aeng
082 _aS0bD6,8(B289SPSS), P3
100 _aBrace Nicola Ed.
_9463354
245 0 _aSPSS for psychologists
_bA guide to data analysis using SPSS for windows
250 _a2
260 _aHampshire
_bPalgrave Macmillan
300 _axv,399p
_ccm.
650 _aPsychology And SPSS
_9463355
942 _hS0bD6,8(B289SPSS), P3
_cTEXL
_2CC
999 _c776279
_d776279